Phỏng vấn tuyển dụng = Brilliant interview

Wedi'i Gadw mewn:
Manylion Llyfryddiaeth
Prif Awdur: Jay, Ros
Fformat: Llyfr
Iaith:Undetermined
Cyhoeddwyd: Hà Nội Lao động - Xã hội 2009
Pynciau:
Tagiau: Ychwanegu Tag
Dim Tagiau, Byddwch y cyntaf i dagio'r cofnod hwn!
Thư viện lưu trữ: Trung tâm Học liệu Trường Đại học Cần Thơ
LEADER 00575nam a2200193Ia 4500
001 CTU_148055
008 210402s9999 xx 000 0 und d
020 |c 39000 
082 |a 650.144 
082 |b J42 
100 |a Jay, Ros 
245 0 |a Phỏng vấn tuyển dụng = 
245 0 |b Brilliant interview 
245 0 |c Ros Jay ; Hiền Thu dịch 
260 |a Hà Nội 
260 |b Lao động - Xã hội 
260 |c 2009 
650 |a Employment interviewing,Phỏng vấn việc làm 
980 |a Trung tâm Học liệu Trường Đại học Cần Thơ